Les 50 communes les plus peuplées du Vaucluse - Statistiques

Statistiques générales
  • Ce quiz a été pris 69 fois
  • Le résultat moyen est 23 sur 50
Statistiques - réponses
Réponse % Correct
Avignon
98%
Carpentras
96%
Orange
93%
Apt
91%
Cavaillon
89%
Sorgues
80%
Le Pontet
78%
Bollène
76%
Monteux
72%
Pertuis
70%
L'Isle-sur-la-Sorgue
69%
Pernes-les-Fontaines
65%
Valréas
63%
Vaison-la-Romaine
61%
Vedène
61%
Le Thor
54%
Morières-lès-Avignon
52%
Bédoin
50%
Châteauneuf-de-Gadagne
48%
Mazan
48%
Courthézon
46%
Jonquières
46%
Malaucène
46%
Bédarrides
44%
Entraigues-sur-la-Sorgue
44%
Saint-Saturnin-lès-Apt
43%
Saint-Saturnin-lès-Avignon
43%
Sarrians
43%
Aubignan
41%
Piolenc
35%
Beaumes-de-Venise
30%
Sainte-Cécile-les-Vignes
30%
Mondragon
28%
Cheval-Blanc
26%
Loriol-du-Comtat
26%
Caumont-sur-Durance
24%
Lapalud
22%
Velleron
22%
Caderousse
20%
Camaret-sur-Aigues
20%
Caromb
20%
La Tour d'Aigues
20%
Mornas
19%
Robion
19%
Sérignan-du-Comtat
19%
Althen-des-Paluds
17%
Cadenet
15%
Gargas
13%
Lauris
13%
Villelaure
7%
Aucun quiz correspondant
Distribution des résultats
% des personnes avec chaque résultat
Percentile par nombre de réponses
Votre historique - résultats
Vous n’avez pas pris ce quiz